[Event "Buenos Aires Bolivar op 3rd"]
[Site "Buenos Aires"]
[Date "2010.06.30"]
[Round "6"]
[White "Virgillito, Cristian"]
[Black "Goldwaser, Christian"]
[Result "0-1"]
[WhiteElo "2200"]
[BlackElo "2356"]
[PlyCount "68"]
[EventDate "2010.06.24"]
[EventType "swiss"]
[EventRounds "7"]
[EventCountry "ARG"]
[SourceTitle "EXT 2011"]
[Source "ChessBase"]
[SourceDate "2010.11.26"]
[SourceVersion "1"]
[SourceVersionDate "2010.11.26"]
[SourceQuality "1"]

1. e4 c5 2. Nf3 e6 3. d4 cxd4 4. Nxd4 a6 5. Bd3 Bc5 6. Nb3 Be7 7. Nc3 d6 8. Be3 Nf6 9. Qe2 Qc7 10. 0-0-0 b5 11. g4 b4 12. Na4 Nfd7 13. Nd2 Nc6 14. f4 g5 15. fxg5 Nce5 16. Nc4 Nxc4 17. Bxc4 Bb7 18. Kb1 Ne5 19. Bd3 Nd7 20. Qf2 Rb8 21. Rhf1 0-0 22. Qh4 Ne5 23. Rf6 Rfc8 24. Bd4 Bxf6 25. gxf6 Kh8 26. Bxe5 dxe5 27. Rg1 Bc6 28. Nc5 Qa7 29. Qg5 Rg8 30. Qxe5 Bb5 31. Rg3 Rbc8 32. Nxe6 Bxd3 33. cxd3 Qf2 34. Nc7 Qd2 0-1

[Event "Villa Ballester Verano op 60th"]
[Site "Villa Ballester"]
[Date "2010.01.29"]
[Round "7"]
[White "Slipak, Sergio"]
[Black "Goldwaser, Christian"]
[Result "0-1"]
[WhiteElo "2449"]
[BlackElo "2441"]
[PlyCount "62"]
[EventDate "2010.01.20"]
[EventType "swiss"]
[EventRounds "9"]
[EventCountry "ARG"]
[SourceTitle "CBM 134 Extra"]
[Source "ChessBase"]
[SourceDate "2010.03.03"]
[SourceVersion "1"]
[SourceVersionDate "2010.03.03"]
[SourceQuality "1"]

1. c4 c6 2. e4 d5 3. exd5 cxd5 4. d4 Nf6 5. Nc3 e6 6. Nf3 Be7 7. Bg5 0-0 8. c5 b6 9. b4 Ne4 10. Bxe7 Qxe7 11. Qc1 a5 12. a3 axb4 13. axb4 Rxa1 14. Qxa1 Nc6 15. Qb2 bxc5 16. bxc5 Bd7 17. Be2 Rb8 18. Qa3 Ng5 19. Ne5 Nxd4 20. Qa7 Rd8 21. Bb5 Qf6 22. Nxd7 Nc2+ 23. Kd2 Qxf2+ 24. Be2 Nb4 25. Qa3 d4 26. Qxb4 dxc3+ 27. Kxc3 Qxe2 28. Qd4 Ra8 29. Rb1 Ne4+ 30. Kb4 Qa2 31. Qxe4 Qa4+ 0-1

[Event "Villa Ballester Verano op 60th"]
[Site "Villa Ballester"]
[Date "2010.01.27"]
[Round "6"]
[White "Goldwaser, Christian"]
[Black "Perez Ponsa, Federico"]
[Result "1/2-1/2"]
[WhiteElo "2441"]
[BlackElo "2437"]
[PlyCount "36"]
[EventDate "2010.01.20"]
[EventType "swiss"]
[EventRounds "9"]
[EventCountry "ARG"]
[SourceTitle "CBM 134 Extra"]
[Source "ChessBase"]
[SourceDate "2010.03.03"]
[SourceVersion "1"]
[SourceVersionDate "2010.03.03"]
[SourceQuality "1"]

1. d4 Nf6 2. Nf3 e6 3. c4 d5 4. Nc3 c6 5. Bg5 dxc4 6. e4 b5 7. e5 h6 8. Bh4 g5 9. Bg3 Nh5 10. Be2 Bb7 11. 0-0 Be7 12. a4 a6 13. Ne1 Ng7 14. Nc2 Nf5 15. Ne4 c5 16. Nxc5 Bxc5 17. dxc5 Qxd1 18. Rfxd1 Nd7 1/2-1/2

[Event "Villa Ballester Verano op 60th"]
[Site "Villa Ballester"]
[Date "2010.01.24"]
[Round "4"]
[White "Anelli, Antonio"]
[Black "Goldwaser, Christian"]
[Result "0-1"]
[WhiteElo "2188"]
[BlackElo "2441"]
[PlyCount "88"]
[EventDate "2010.01.20"]
[EventType "swiss"]
[EventRounds "9"]
[EventCountry "ARG"]
[SourceTitle "CBM 134 Extra"]
[Source "ChessBase"]
[SourceDate "2010.03.03"]
[SourceVersion "1"]
[SourceVersionDate "2010.03.03"]
[SourceQuality "1"]

1. d4 d5 2. c4 dxc4 3. Nf3 Nf6 4. e3 Bg4 5. Bxc4 e6 6. Nc3 a6 7. Be2 Nc6 8. h3 Bh5 9. g4 Bg6 10. Nh4 Bd6 11. Bf3 0-0 12. Nxg6 hxg6 13. g5 Nd5 14. h4 Nde7 15. a3 Re8 16. e4 e5 17. dxe5 Bxe5 18. Be3 Bd4 19. Bxd4 Nxd4 20. Bg2 Qd6 21. 0-0 Rad8 22. Qg4 Qb6 23. b4 Nb5 24. Nd5 Nxd5 25. exd5 Qd4 26. Qxd4 Nxd4 27. Rfd1 Nf5 28. Rac1 Re7 29. Rc4 c6 30. Kh2 Red7 31. dxc6 Rxd1 32. cxb7 Nd6 33. Rc7 Rd3 34. a4 Rd4 35. b5 axb5 36. a5 Rxh4+ 37. Kg3 Ra4 38. Rd7 Nxb7 39. Rxb7 Rxa5 40. f4 Ra3+ 41. Kg4 Rb3 42. Bf1 Rd5 43. Rb8+ Kh7 44. Rb7 Rf5 0-1

[Event "Villa Ballester Verano op 60th"]
[Site "Villa Ballester"]
[Date "2010.01.23"]
[Round "3"]
[White "Goldwaser, Christian"]
[Black "Alvarez, Roberto Gabriel"]
[Result "1-0"]
[WhiteElo "2441"]
[BlackElo "2097"]
[PlyCount "125"]
[EventDate "2010.01.20"]
[EventType "swiss"]
[EventRounds "9"]
[EventCountry "ARG"]
[SourceTitle "CBM 134 Extra"]
[Source "ChessBase"]
[SourceDate "2010.03.03"]
[SourceVersion "1"]
[SourceVersionDate "2010.03.03"]
[SourceQuality "1"]

1. Nf3 d5 2. d4 Nf6 3. c4 e6 4. Nc3 Be7 5. Bg5 0-0 6. e3 Nbd7 7. Qc2 c5 8. dxc5 Nxc5 9. Rd1 Qa5 10. cxd5 exd5 11. Be2 Nce4 12. 0-0 Nxc3 13. bxc3 h6 14. Bh4 Bg4 15. Rd4 Bh5 16. Qb3 Qc7 17. Bxf6 Bxf6 18. Rxd5 Bxf3 19. Bxf3 Qxc3 20. Qxc3 Bxc3 21. Rd7 Rfd8 22. Rxb7 Bf6 23. g3 a5 24. Rfb1 a4 25. Rc7 Ra5 26. Be2 Be5 27. Rc2 a3 28. Rb7 f5 29. Kg2 Bf6 30. h3 Kh8 31. g4 fxg4 32. hxg4 Rad5 33. Kg3 Rd2 34. Rxd2 Rxd2 35. Bc4 Rd8 36. Ra7 Bb2 37. f4 Bc1 38. Re7 Rc8 39. Bd5 Rf8 40. Kf3 Bd2 41. Ke4 Bb4 42. Re6 Bc3 43. Kf3 Bd2 44. f5 Rc8 45. e4 Rd8 46. Ke2 Bc1 47. Kd3 Bb2 48. Ke3 Bc1+ 49. Kf3 Kh7 50. Rc6 Bb2 51. Rc2 Be5 52. Rd2 Rc8 53. Bf7 Rb8 54. Bg6+ Kg8 55. Rd5 Bc7 56. e5 Rd8 57. Rc5 Bb8 58. Ke4 Kf8 59. Ra5 Ke7 60. Rxa3 Rd7 61. Ra6 Rb7 62. f6+ gxf6 63. exf6+ 1-0

[Event "Buenos Aires Duchamp Memorial 1st"]
[Site "Buenos Aires"]
[Date "2009.10.13"]
[Round "9"]
[White "Slipak, Sergio"]
[Black "Goldwaser, Christian"]
[Result "1/2-1/2"]
[WhiteElo "2468"]
[BlackElo "2441"]
[PlyCount "105"]
[EventDate "2009.10.04"]
[EventType "tourn"]
[EventRounds "9"]
[EventCountry "ARG"]
[EventCategory "9"]
[SourceTitle "CBM 132 Extra"]
[Source "ChessBase"]
[SourceDate "2009.11.03"]
[SourceVersion "1"]
[SourceVersionDate "2009.11.03"]
[SourceQuality "1"]

1. d4 d5 2. Nf3 Nf6 3. c4 c6 4. Qb3 dxc4 5. Qxc4 Bf5 6. g3 e6 7. Bg2 Nbd7 8. 0-0 Be7 9. Bd2 0-0 10. Rd1 Rc8 11. b4 h6 12. Be1 e5 13. Qb3 e4 14. Nfd2 Nb6 15. Nc3 Qxd4 16. Ndxe4 Qe5 17. f4 Qc7 18. Nc5 Nbd5 19. Nxd5 cxd5 20. Rac1 Bxc5+ 21. bxc5 Rfe8 22. Bf3 Be4 23. Bf2 Bxf3 24. Qxf3 Qc6 25. Bd4 Ne4 26. Qa3 h5 27. Qf3 Qg6 28. Kg2 Rc6 29. f5 Qg5 30. h4 Qg4 31. Qxg4 hxg4 32. Rf1 Nd2 33. Rfe1 Ra6 34. Rc2 Ne4 35. Rb1 Re7 36. Rb4 Ra3 37. Rb3 Ra4 38. Bg1 Rc4 39. Rcb2 Rc3 40. Bd4 Rc4 41. Bg1 d4 42. Rxb7 Rxb7 43. Rxb7 d3 44. exd3 Rc2+ 45. Kf1 Nxg3+ 46. Ke1 Rc1+ 47. Kd2 Rxg1 48. c6 Rg2+ 49. Kd1 Nxf5 50. c7 Ne3+ 51. Ke1 Nc2+ 52. Kd1 Ne3+ 53. Ke1 1/2-1/2

[Event "Buenos Aires Duchamp Memorial 1st"]
[Site "Buenos Aires"]
[Date "2009.10.12"]
[Round "8"]
[White "Goldwaser, Christian"]
[Black "Hernandez Guerrero, Gilberto Eduardo"]
[Result "1/2-1/2"]
[WhiteElo "2441"]
[BlackElo "2540"]
[PlyCount "28"]
[EventDate "2009.10.04"]
[EventType "tourn"]
[EventRounds "9"]
[EventCountry "ARG"]
[EventCategory "9"]
[SourceTitle "CBM 132 Extra"]
[Source "ChessBase"]
[SourceDate "2009.11.03"]
[SourceVersion "1"]
[SourceVersionDate "2009.11.03"]
[SourceQuality "1"]

1. Nf3 d6 2. d4 Bg4 3. c4 Bxf3 4. exf3 g6 5. Nc3 Bg7 6. g3 c6 7. Bg2 Qb6 8. d5 Nf6 9. 0-0 0-0 10. Re1 Re8 11. f4 Nbd7 12. Rb1 Rac8 13. dxc6 bxc6 14. b4 Qa6 1/2-1/2

[Event "Buenos Aires Duchamp Memorial 1st"]
[Site "Buenos Aires"]
[Date "2009.10.09"]
[Round "6"]
[White "Goldwaser, Christian"]
[Black "Liascovich, Lucas Agustin"]
[Result "1/2-1/2"]
[WhiteElo "2441"]
[BlackElo "2454"]
[PlyCount "42"]
[EventDate "2009.10.04"]
[EventType "tourn"]
[EventRounds "9"]
[EventCountry "ARG"]
[EventCategory "9"]
[SourceTitle "CBM 132 Extra"]
[Source "ChessBase"]
[SourceDate "2009.11.03"]
[SourceVersion "1"]
[SourceVersionDate "2009.11.03"]
[SourceQuality "1"]

1. d4 Nf6 2. c4 g6 3. Nc3 d5 4. Qb3 dxc4 5. Qxc4 Bg7 6. Nf3 0-0 7. e4 a6 8. Bf4 Nc6 9. Be2 Bg4 10. 0-0 Bxf3 11. Bxf3 Qxd4 12. Qb3 e5 13. Qxb7 Qc4 14. Be3 Nd4 15. Nd5 Nxf3+ 16. gxf3 Nxd5 17. Qxd5 Qe2 18. Kg2 Rfd8 19. Qb3 Rdb8 20. Qd5 Rd8 21. Qb3 Rdb8 1/2-1/2

[Event "Buenos Aires Duchamp Memorial 1st"]
[Site "Buenos Aires"]
[Date "2009.10.08"]
[Round "5"]
[White "Cori Tello, Deysi Estella"]
[Black "Goldwaser, Christian"]
[Result "1-0"]
[WhiteElo "2361"]
[BlackElo "2441"]
[PlyCount "125"]
[EventDate "2009.10.04"]
[EventType "tourn"]
[EventRounds "9"]
[EventCountry "ARG"]
[EventCategory "9"]
[SourceTitle "CBM 132 Extra"]
[Source "ChessBase"]
[SourceDate "2009.11.03"]
[SourceVersion "1"]
[SourceVersionDate "2009.11.03"]
[SourceQuality "1"]

1. d4 d5 2. Nf3 Nf6 3. c4 dxc4 4. Nc3 a6 5. a4 Bg4 6. Ne5 Bh5 7. h3 Nc6 8. g4 Bg6 9. Nxc6 bxc6 10. Bg2 Nd5 11. a5 e6 12. Qa4 Qd7 13. Qxc4 Be7 14. e4 Nb4 15. 0-0 h5 16. g5 0-0 17. Ne2 Rab8 18. Be3 Rfd8 19. Rad1 Rb5 20. h4 Bd6 21. Nf4 Bxf4 22. Bxf4 c5 23. Be3 Nc6 24. d5 Nxa5 25. Qc3 e5 26. Bxc5 Qg4 27. b4 Nb7 28. Qxe5 Nxc5 29. bxc5 Rxc5 30. Qe7 Rd6 31. Rb1 Kh7 32. Rb8 Rc4 33. f3 Qxh4 34. Qe8 Bxe4 35. Qg8+ Kg6 36. fxe4 Qxg5 37. Qxf7+ Kh7 38. Qg8+ Kg6 39. Qe8+ Kh7 40. Qg8+ Kg6 41. Qf7+ Kh7 42. Re8 Rc2 43. Qg8+ Kh6 44. Re6+ Rxe6 45. Qxe6+ g6 46. Qh3 a5 47. Qf3 Qe5 48. Qe3+ Kg7 49. Qa3 Kh6 50. Qe3+ Kg7 51. Qb3 Rb2 52. Qf3 Kh6 53. Qf6 Qxf6 54. Rxf6 Kg5 55. Ra6 h4 56. e5 Ra2 57. Rc6 a4 58. Rxc7 a3 59. Ra7 Kf4 60. e6 Kg3 61. Bf1 Ra1 62. e7 h3 63. Rxa3+ 1-0

[Event "Pan American-chT"]
[Site "Mendes"]
[Date "2009.08.13"]
[Round "5"]
[White "Goldwaser, Christian"]
[Black "Mosquera Klinger, Miguel Alonso"]
[Result "1-0"]
[WhiteElo "2356"]
[BlackElo "2393"]
[PlyCount "92"]
[EventDate "2009.08.09"]
[EventType "team-tourn"]
[EventRounds "5"]
[EventCountry "BRA"]
[SourceTitle "CBM 131 Extra"]
[Source "ChessBase"]
[SourceDate "2009.09.03"]
[SourceVersion "2"]
[SourceVersionDate "2009.09.16"]
[SourceQuality "1"]
[WhiteTeam "Argentina"]
[BlackTeam "Columbia"]
[WhiteTeamCountry "ARG"]
[BlackTeamCountry "COL"]

1. Nf3 Nf6 2. c4 c6 3. Nc3 d5 4. e3 e6 5. d4 Nbd7 6. Qc2 Bd6 7. e4 dxe4 8. Nxe4 Nxe4 9. Qxe4 Bb4+ 10. Bd2 Qa5 11. Bd3 c5 12. a3 Bxd2+ 13. Nxd2 cxd4 14. Qxd4 Ne5 15. Be2 0-0 16. b4 Rd8 17. Qe3 Qc7 18. 0-0 b6 19. Rac1 Ng6 20. c5 bxc5 21. Rxc5 Qf4 22. Bf3 Rb8 23. Nc4 Bb7 24. Bxb7 Rxb7 25. Na5 Rbd7 26. Nc6 Qxe3 27. fxe3 Ra8 28. a4 f6 29. b5 Rd2 30. g3 e5 31. Rf2 Rd3 32. a5 Nf8 33. Ne7+ Kf7 34. Rc8 Rxc8 35. Nxc8 Rd7 36. Rc2 Ne6 37. Rc6 Ng5 38. h4 Nf3+ 39. Kf2 Nd2 40. Ke2 Ne4 41. g4 g6 42. a6 f5 43. gxf5 gxf5 44. b6 axb6 45. a7 Rd2+ 46. Ke1 Ra2 1-0

[Event "Pan American-chT"]
[Site "Mendes"]
[Date "2009.08.10"]
[Round "2"]
[White "Sequera Paolini, Jose Rafael"]
[Black "Goldwaser, Christian"]
[Result "1-0"]
[WhiteElo "2398"]
[BlackElo "2356"]
[PlyCount "75"]
[EventDate "2009.08.09"]
[EventType "team-tourn"]
[EventRounds "5"]
[EventCountry "BRA"]
[SourceTitle "CBM 131 Extra"]
[Source "ChessBase"]
[SourceDate "2009.09.03"]
[SourceVersion "2"]
[SourceVersionDate "2009.09.16"]
[SourceQuality "1"]
[WhiteTeam "Venezuela"]
[BlackTeam "Argentina"]
[WhiteTeamCountry "VEN"]
[BlackTeamCountry "ARG"]

1. f4 g6 2. Nf3 Bg7 3. g3 c5 4. Bg2 Nc6 5. 0-0 e6 6. c3 Nge7 7. d3 0-0 8. Be3 b6 9. Nbd2 d5 10. Bf2 Ba6 11. Rb1 Rc8 12. Qa4 Nb8 13. Rfc1 Qd7 14. Qa3 Nf5 15. b4 cxb4 16. cxb4 Nd6 17. Ne5 Qe7 18. Rxc8 Bxc8 19. b5 f6 20. Nc6 Nxc6 21. bxc6 Nf5 22. Qa4 Qc7 23. e4 Ne7 24. Nb3 Qxc6 25. Qxa7 Re8 26. Rc1 Qb5 27. Bf1 Qa6 28. Bxb6 Qxa7 29. Bxa7 Ba6 30. Rc7 Bf8 31. Nc5 Bc8 32. a4 g5 33. fxg5 fxg5 34. e5 h5 35. d4 Nf5 36. Bb5 Rd8 37. Nd7 Be7 38. Nb6 1-0

[Event "Buenos Aires Proyeccion U20"]
[Site "Buenos Aires"]
[Date "2009.03.27"]
[Round "3"]
[White "Goldwaser, Christian"]
[Black "Granara Barreto, Sebastian A"]
[Result "1/2-1/2"]
[WhiteElo "2356"]
[BlackElo "2220"]
[PlyCount "59"]
[EventDate "2009.03.25"]
[EventType "tourn"]
[EventRounds "9"]
[EventCountry "ARG"]
[EventCategory "3"]
[SourceTitle "CBM 129 Extra"]
[Source "ChessBase"]
[SourceDate "2009.05.05"]
[SourceVersion "2"]
[SourceVersionDate "2009.05.20"]
[SourceQuality "1"]

1. Nf3 Nf6 2. g3 c5 3. c4 Nc6 4. Bg2 g6 5. d4 cxd4 6. Nxd4 Bg7 7. Nc2 0-0 8. Nc3 d6 9. 0-0 Be6 10. b3 Qd7 11. Bb2 Bh3 12. Ne3 Bxg2 13. Kxg2 b6 14. Qd2 Rac8 15. Ned5 Nxd5 16. Nxd5 Bxb2 17. Qxb2 Qe6 18. Rae1 b5 19. Nf4 Qe5 20. Qxe5 dxe5 21. cxb5 exf4 22. bxc6 Rxc6 23. gxf4 Rc2 24. e3 Rd8 25. a4 Rd3 26. Rc1 Ra2 27. Rc7 Rxe3 28. Ra1 Rb2 29. Rb1 Ra2 30. Ra1 1/2-1/2

[Event "Buenos Aires Proyeccion U20"]
[Site "Buenos Aires"]
[Date "2009.03.26"]
[Round "2"]
[White "Real de Azua, Ernesto"]
[Black "Goldwaser, Christian"]
[Result "1/2-1/2"]
[WhiteElo "2445"]
[BlackElo "2356"]
[PlyCount "34"]
[EventDate "2009.03.25"]
[EventType "tourn"]
[EventRounds "9"]
[EventCountry "ARG"]
[EventCategory "3"]
[SourceTitle "CBM 129 Extra"]
[Source "ChessBase"]
[SourceDate "2009.05.05"]
[SourceVersion "2"]
[SourceVersionDate "2009.05.20"]
[SourceQuality "1"]

1. d4 d5 2. c4 dxc4 3. Nf3 a6 4. e3 b5 5. a4 Bb7 6. b3 e6 7. axb5 axb5 8. Rxa8 Bxa8 9. bxc4 bxc4 10. Bxc4 Nf6 11. 0-0 Be7 12. Qa4+ Nbd7 13. Ne5 0-0 14. Nc6 Bxc6 15. Qxc6 Qa8 16. Bb5 Qxc6 17. Bxc6 Rb8 1/2-1/2

[Event "Ramos Mejia Memorial"]
[Site "Buenos Aires"]
[Date "2009.03.17"]
[Round "5"]
[White "Rodriguez Vila, Andres"]
[Black "Goldwaser, Christian"]
[Result "0-1"]
[WhiteElo "2524"]
[BlackElo "2356"]
[PlyCount "64"]
[EventDate "2009.03.14"]
[EventType "tourn"]
[EventRounds "11"]
[EventCountry "ARG"]
[EventCategory "2"]
[SourceTitle "CBM 129 Extra"]
[Source "ChessBase"]
[SourceDate "2009.05.05"]
[SourceVersion "2"]
[SourceVersionDate "2009.05.20"]
[SourceQuality "1"]

1. e4 c5 2. Nf3 d6 3. d4 Nf6 4. Nc3 cxd4 5. Nxd4 a6 6. h3 e6 7. g4 d5 8. Bg2 e5 9. Nf5 d4 10. Ne2 Nc6 11. 0-0 g6 12. Nfg3 Be6 13. f4 Bc5 14. Kh1 Nxg4 15. f5 Bd7 16. Qd3 h5 17. fxg6 fxg6 18. hxg4 hxg4+ 19. Kg1 Nb4 20. Nh5 gxh5 21. Qc4 Qe7 22. Bg5 d3+ 23. Kh1 Qxg5 24. Qxc5 dxe2 25. Rf5 Qh4+ 26. Kg1 e1Q+ 27. Rxe1 Qxe1+ 28. Rf1 Qg3 29. Qc4 Nc6 30. Qf7+ Kd8 31. Rd1 Nd4 32. c3 Ne2+ 0-1

[Event "Buenos Aires"]
[Site "Buenos Aires"]
[Date "2008.10.02"]
[Round "6"]
[White "Real de Azua, Ernesto"]
[Black "Goldwaser, Christian"]
[Result "1/2-1/2"]
[WhiteElo "2413"]
[BlackElo "2396"]
[PlyCount "23"]
[EventDate "2008.09.28"]
[EventType "tourn"]
[EventRounds "9"]
[EventCountry "ARG"]
[EventCategory "3"]
[SourceTitle "EXT 2011"]
[Source "ChessBase"]
[SourceDate "2010.11.26"]
[SourceVersion "1"]
[SourceVersionDate "2010.11.26"]
[SourceQuality "1"]

1. d4 Nf6 2. Bg5 e6 3. e3 h6 4. Bh4 c5 5. Nd2 b6 6. Ngf3 Bb7 7. c3 cxd4 8. exd4 Be7 9. Bxf6 Bxf6 10. Bd3 0-0 11. Qe2 a6 12. h4 1/2-1/2

[Event "Buenos Aires"]
[Site "Buenos Aires"]
[Date "2008.10.01"]
[Round "5"]
[White "Goldwaser, Christian"]
[Black "Granara Barreto, Sebastian A"]
[Result "1-0"]
[WhiteElo "2396"]
[BlackElo "2260"]
[PlyCount "69"]
[EventDate "2008.09.28"]
[EventType "tourn"]
[EventRounds "9"]
[EventCountry "ARG"]
[EventCategory "3"]
[SourceTitle "EXT 2011"]
[Source "ChessBase"]
[SourceDate "2010.11.26"]
[SourceVersion "1"]
[SourceVersionDate "2010.11.26"]
[SourceQuality "1"]

1. Nf3 Nf6 2. g3 e6 3. c4 b6 4. Bg2 Bb7 5. 0-0 Be7 6. Nc3 0-0 7. Re1 d5 8. cxd5 exd5 9. d4 c5 10. Bf4 Nc6 11. Rc1 c4 12. Ne5 Bb4 13. Bg5 Nxe5 14. dxe5 h6 15. Bxh6 gxh6 16. exf6 Qxf6 17. Bxd5 Rad8 18. e4 Bxc3 19. Rxc3 Bxd5 20. exd5 b5 21. Qg4+ Qg7 22. Qf5 Rd6 23. Re5 Rf6 24. Qe4 a6 25. Re3 Rd6 26. Qd4 Rfd8 27. R3e4 Rg6 28. h4 Kh7 29. Kg2 Rdd6 30. Rf4 Rd8 31. Qe4 Kg8 32. Re7 Rf8 33. h5 Rg5 34. d6 Qxb2 35. Rexf7 1-0

[Event "ARG-chT"]
[Site "Villa Martelli"]
[Date "2008.09.13"]
[Round "6"]
[White "Goldwaser, Christian"]
[Black "Scalise, Luis"]
[Result "1-0"]
[WhiteElo "2374"]
[BlackElo "2182"]
[PlyCount "75"]
[EventDate "2008.08.09"]
[EventType "team-tourn"]
[EventRounds "9"]
[EventCountry "ARG"]
[SourceTitle "EXT 2009"]
[Source "ChessBase"]
[SourceDate "2008.11.26"]
[SourceVersion "1"]
[SourceVersionDate "2008.11.26"]
[SourceQuality "1"]

1. Nf3 Nf6 2. c4 g6 3. d4 Bg7 4. g3 d6 5. Bg2 0-0 6. 0-0 Nc6 7. Nc3 a6 8. b3 Rb8 9. Nd5 b5 10. Nxf6+ Bxf6 11. Bh6 Re8 12. Rc1 Bb7 13. d5 Na7 14. c5 c6 15. Nd4 dxc5 16. Nxc6 Bxc6 17. dxc6 Rc8 18. Rxc5 Qb6 19. Be3 Qc7 20. Qd7 Red8 21. Qxc7 Rxc7 22. Bf4 e5 23. Bxe5 Bxe5 24. Rxe5 Rd2 25. Rc1 Kf8 26. a4 Ra2 27. axb5 Nxb5 28. Rd1 Rb2 29. Rd8+ Kg7 30. Bd5 Nc3 31. Bf3 Kf6 32. Re3 Nb5 33. Red3 Rc2 34. R8d7 Rc5 35. Bd5 Rc2 36. Rf3+ Ke5 37. Rfxf7 R7xc6 38. f4+ 1-0

[Event "Villa Martelli 54th Aniv ITT 1st"]
[Site "Villa Martelli"]
[Date "2008.07.15"]
[Round "10"]
[White "Goldwaser, Christian"]
[Black "Guerrero, Alvaro"]
[Result "1-0"]
[WhiteElo "2374"]
[BlackElo "2154"]
[PlyCount "95"]
[EventDate "2008.07.08"]
[EventType "tourn"]
[EventRounds "11"]
[EventCountry "ARG"]
[EventCategory "3"]
[SourceTitle "CBM 125 Extra"]
[Source "ChessBase"]
[SourceDate "2008.09.01"]
[SourceVersion "1"]
[SourceVersionDate "2008.09.01"]
[SourceQuality "1"]

1. d4 Nf6 2. c4 g6 3. Nf3 Bg7 4. g3 d6 5. Bg2 0-0 6. 0-0 Nc6 7. Nc3 a6 8. b3 Rb8 9. Nd5 Nd7 10. Bb2 e6 11. Ne3 Ne7 12. Rc1 b6 13. Qd2 Bb7 14. Rfd1 Bh6 15. c5 d5 16. Ne5 Nxe5 17. dxe5 Nf5 18. f4 Nxe3 19. Qxe3 b5 20. c6 Ba8 21. Qa7 Rb6 22. Bd4 Rxc6 23. Rxc6 Bxc6 24. Rc1 Qd7 25. Qxa6 Ba8 26. Qa7 Rc8 27. b4 Bf8 28. a3 Bc6 29. Qa6 Ba8 30. Bf1 c6 31. Qa7 Bb7 32. Bb2 c5 33. bxc5 Qc6 34. Bd4 Ra8 35. Qb6 Rxa3 36. e3 Rb3 37. Qxc6 Bxc6 38. Ra1 b4 39. Ra6 Be8 40. Ra8 Bc6 41. Rc8 Ba4 42. c6 Kg7 43. c7 Bd7 44. Rd8 Rb1 45. Rxd7 Rc1 46. Kg2 b3 47. Ba6 Rc2+ 48. Kh3 1-0

[Event "Villa Martelli 54th Aniv ITT 1st"]
[Site "Villa Martelli"]
[Date "2008.07.09"]
[Round "3"]
[White "Goldwaser, Christian"]
[Black "Malbran, Guillermo"]
[Result "1-0"]
[WhiteElo "2374"]
[BlackElo "2241"]
[PlyCount "45"]
[EventDate "2008.07.08"]
[EventType "tourn"]
[EventRounds "11"]
[EventCountry "ARG"]
[EventCategory "3"]
[SourceTitle "CBM 125 Extra"]
[Source "ChessBase"]
[SourceDate "2008.09.01"]
[SourceVersion "1"]
[SourceVersionDate "2008.09.01"]
[SourceQuality "1"]

1. d4 Nf6 2. Nf3 c5 3. d5 g6 4. Nc3 Bg7 5. e4 d6 6. a4 0-0 7. Bc4 e6 8. 0-0 exd5 9. Nxd5 Nxd5 10. Bxd5 Nc6 11. c3 Be6 12. Bf4 Ne5 13. Bxe5 Bxe5 14. Qb3 Bxd5 15. Qxd5 Qe7 16. Rad1 Rad8 17. Nd2 Qd7 18. Nc4 Qxa4 19. f4 b5 20. Ne3 Bxc3 21. bxc3 Rfe8 22. Ng4 Kg7 23. Qg5 1-0

[Event "Villa Martelli 54th Aniv ITT 1st"]
[Site "Villa Martelli"]
[Date "2008.07.09"]
[Round "2"]
[White "Paglilla, Carlos"]
[Black "Goldwaser, Christian"]
[Result "1/2-1/2"]
[WhiteElo "2343"]
[BlackElo "2374"]
[PlyCount "53"]
[EventDate "2008.07.08"]
[EventType "tourn"]
[EventRounds "11"]
[EventCountry "ARG"]
[EventCategory "3"]
[SourceTitle "CBM 125 Extra"]
[Source "ChessBase"]
[SourceDate "2008.09.01"]
[SourceVersion "1"]
[SourceVersionDate "2008.09.01"]
[SourceQuality "1"]

1. e4 e6 2. d4 d5 3. exd5 exd5 4. Nf3 Bg4 5. Be2 Bd6 6. Ne5 Bxe2 7. Qxe2 Ne7 8. Qb5+ Nbc6 9. Nxc6 Nxc6 10. Qe2+ Qe7 11. Qxe7+ Kxe7 12. c3 Rae8 13. Nd2 f6 14. Nf1 Kd7+ 15. Ne3 Bf4 16. 0-0 Ne7 17. g3 Bxe3 18. Bxe3 Nf5 19. Rae1 Re6 20. Bc1 Ra6 21. a3 h5 22. Re2 Re6 23. Rxe6 Kxe6 24. Re1+ Kf7 25. h4 a5 26. Bf4 c6 27. a4 1/2-1/2

[Event "Mar del Plata op 39th"]
[Site "Mar del Plata"]
[Date "2008.03.21"]
[Round "8"]
[White "Needleman, Alejandro"]
[Black "Goldwaser, Christian"]
[Result "1/2-1/2"]
[WhiteElo "2355"]
[BlackElo "2350"]
[PlyCount "62"]
[EventDate "2008.03.15"]
[EventType "swiss"]
[EventRounds "9"]
[EventCountry "ARG"]
[SourceTitle "CBM 123 Extra"]
[Source "ChessBase"]
[SourceDate "2008.05.06"]
[SourceVersion "1"]
[SourceVersionDate "2008.05.06"]
[SourceQuality "1"]

1. d4 d5 2. Nf3 Nf6 3. Bf4 c5 4. e3 Nc6 5. c3 Qb6 6. Qb3 c4 7. Qc2 Bf5 8. Qc1 e6 9. Nbd2 Be7 10. Be2 0-0 11. h3 h6 12. Ne5 Nxe5 13. Bxe5 Qc6 14. 0-0 b5 15. Bf3 Bd3 16. Bxf6 Bxf6 17. Re1 e5 18. dxe5 Bxe5 19. Be2 Bg6 20. Nf3 Bf6 21. a3 a5 22. Qd2 Rab8 23. Nd4 Qb6 24. Bf3 Rfd8 25. Ne2 b4 26. axb4 axb4 27. Nf4 Be4 28. Bxe4 dxe4 29. Qc2 bxc3 30. bxc3 Qb3 31. Rec1 Bxc3 1/2-1/2

[Event "Mar del Plata op 39th"]
[Site "Mar del Plata"]
[Date "2008.03.20"]
[Round "7"]
[White "Cornejo, Max"]
[Black "Goldwaser, Christian"]
[Result "1/2-1/2"]
[WhiteElo "2338"]
[BlackElo "2350"]
[PlyCount "67"]
[EventDate "2008.03.15"]
[EventType "swiss"]
[EventRounds "9"]
[EventCountry "ARG"]
[SourceTitle "CBM 123 Extra"]
[Source "ChessBase"]
[SourceDate "2008.05.06"]
[SourceVersion "1"]
[SourceVersionDate "2008.05.06"]
[SourceQuality "1"]

1. e4 c5 2. Nf3 d6 3. g3 Nc6 4. Bg2 g6 5. 0-0 Bg7 6. d3 e5 7. Bg5 Nge7 8. c3 0-0 9. Qc1 f6 10. Be3 b6 11. Bh6 d5 12. Bxg7 Kxg7 13. exd5 Qxd5 14. Nd4 Qd7 15. Nxc6 Nxc6 16. Na3 Ba6 17. Qe3 Rad8 18. Rfd1 Rfe8 19. Bf3 Re7 20. h4 Qe6 21. Qe4 Bb7 22. Qc4 Qxc4 23. dxc4 Red7 24. Rxd7+ Rxd7 25. Kf1 Na5 26. Bxb7 Nxb7 27. Ke2 Kf7 28. Nc2 Ke6 29. Ne3 Nd6 30. a4 Nb7 31. b4 e4 32. a5 bxa5 33. bxa5 Rd3 34. Nd5 1/2-1/2